| 000 | 00712nam a2200229Ia 4500 | ||
|---|---|---|---|
| 003 | GCL | ||
| 008 | 140319s9999 xx 000 0 ara d | ||
| 040 |
_aGCL / _cGCL |
||
| 082 | 0 | 4 |
_a581.2 _bم ا |
| 100 | 1 | _aحسين العمروسى | |
| 245 | 1 | 0 |
_aامراض النبات غير الطفيلية (الامراض الفسيولوجية) / _cحسين العمروسى |
| 700 | 1 | _aسمير مخائيل | |
| 700 | 1 | _aمحمد على عبدالرحيم | |
| 260 |
_a[S.N] : _bالمكتبة الاكاديمية ، _c1994 |
||
| 300 | _a453 ص | ||
| 490 | _a | ||
| 650 | 0 | 4 | _aامراض |
| 650 | 0 | 4 | _aالنبات |
| 650 | 0 | 4 | _aالفيسولوجيا |
| 650 | 0 | 4 | _aالطفيليات |
| 942 |
_2ddc _cBK |
||
| 999 |
_c53086 _d53086 |
||